zpět

Detail výsledku týmu

Kozlovka, Hradec Králové

Datum a čas kvízu

23.5 Celkem bodů Celkový počet nahraných bodů na tomto kvízu bez doplňovacích otázek.
12. Pořadí na kvízu Konečné umístění týmu na tomto kvízu.

Zaznamenané odpovědi

# Otázka Odpověď Body Výsledky
1. Ministerstvo vnitra připustilo... Denisa Rohanová 1
2. Zaměstnanec letiště Johna F. K... C) živá kočka 1
3. V úterý se v pražském Kině Luc... Král Šumavy 0
4. V pondělí, po pěti dnech letu,... Orion 0
5. Ve dvou úvodních zápasech kter... Polsko 1
6. V následujících pěti otázkách... bar, torr, atmosféra / pascal 0.5
7. Která z následujících jednotek... B 1
8. Jaký odpor v ohmech má spotřeb... 20 Ω 1
9. Přiřaďte tyto jednotky k přísl... 1D 2C 3B 4A 0
10. Bušl je stará objemová a hmotn... A 0